| 000 | 00379nam a2200121 4500 | ||
|---|---|---|---|
| 008 | 240729b |||||||| |||| 00| 0 eng d | ||
| 040 |
_aNational Science Library _cNational Science Library |
||
| 100 | _aRaszillier, Ioan | ||
| 245 | _aFactori de forma electromagnetici | ||
| 260 |
_aRomania: _bEditura Academiei Republicii Socialiste, _c1974 |
||
| 300 | _a175p. | ||
| 942 |
_2udc _cBK |
||
| 999 |
_c65036 _d65036 |
||